CRIE /
Uloženo v:
| Korporativní autor: | |
|---|---|
| Médium: | Kniha |
| Jazyk: | Spanish |
| Vydáno: |
México D.F.:
Centro Regional de Informaciones Ecuménicas,
|
| Témata: | |
| On-line přístup: | texto completo desde el sitio de la revista |
| Tagy: |
Přidat tag
Žádné tagy, Buďte první, kdo vytvoří štítek k tomuto záznamu!
|
MARC
| LEADER | 00000nam a22000007a 4500 | ||
|---|---|---|---|
| 003 | cru CIDCACS/IIS | ||
| 005 | 20231204104403.0 | ||
| 007 | ta | ||
| 008 | 231204b |||||||| |||| 00| 0 spa d | ||
| 040 | |c cru CIDCACS/IIS | ||
| 090 | |a REV0206 | ||
| 110 | 2 | |a Centro Regional de Informaciones Ecuménicas (México) |9 10084 | |
| 245 | 1 | |a CRIE / |c Centro Regional de Informaciones Ecuménicas | |
| 260 | |a México D.F.: |b Centro Regional de Informaciones Ecuménicas, | ||
| 270 | |a Patricio Sanz 449, col. Del Valle, C.P 03100 | ||
| 310 | |a semestral | ||
| 500 | |a PERIODICIDAD : Quincenal EXISTENCIAS : 1982 7 (102-113) 1983 7 (114-139) 1984 8 (140-164) 1985 8 (165-177) 9 (178-181) 1986 9 (182-190) 10 (191-198) 1987 10 (199-209) 11 (210-214) 1988 11 (215-226) 12 (226-232) 1989 12 (233-242) 13 (243-249) 1990 13 (250-258) 14 (259-266) 1991 14 (267-283) 1992 (284-292, 294-300) 1993 (301-317) 1994 (318-322, 323-324) 1995 (325-336) 1996 (337-348) 1997 (349-360) 1998 (361-365, 367,369-372) 1999 (373-374, 376-384) 2000 (385-396) 2001 (397) | ||
| 650 | 0 | |a REVOLUCION |9 137 | |
| 650 | 4 | |a PLANES DE PAZ |9 3229 | |
| 650 | 0 | |a GUERRA |9 378 | |
| 650 | 0 | |a IGLESIA |9 1860 | |
| 650 | 0 | |a RELIGION |9 2795 | |
| 650 | 0 | |a MUJERES |9 88 | |
| 650 | 0 | |a REFUGIADOS |9 2860 | |
| 651 | 0 | |a CENTROAMERICA |9 308 | |
| 856 | |u https://revistas.upb.edu.co/index.php/comunicacion |y texto completo desde el sitio de la revista | ||
| 942 | |2 ddc |c PP | ||
| 999 | |c 45387 |d 45387 | ||
